000 00699nam a2200253Ia 4500
003 OSt
005 20220912150902.0
006 a|||||r|||| 00| 0
007 ta
008 220909b |||||||| |||| 00| 0 eng d
024 _a51662
037 _cTextual
040 _aCSL
_beng
_cCSL
041 _aeng
082 _aCN1, 113K5
100 _aMeyer-Abich Klaus Michael
245 0 _aKorrespondenz, Individualitat und komplementaritat
260 _aWiesbaden
_bFranz Steiner Verlag Gumbh
_c1965
300 _axi,209p.
_ccm.
490 _aBoethius; 5
650 _aQuantum Mechanics
942 _hCN1, 113K5
_cTEXL
_2CC
999 _c56846
_d56846